000
00250nam a2200097Ia 4500
001
730681
005
20250826163719.0
008
250824s9999 xx 000 0 und d
245
0
_a
SAKIN OKUMAYIN CISS!
_c
ÜNZİLE GİRİŞGİN
260
_b
KİTAP DÜNYASI
999
_c
730681
_d
730681